Казачество на службе Отечества: к 370-летию Переяславской рады и присоединения Запорожского войска к России (Запись № 13449875)

Подробности
000 -МАРКЕР
контрольное поле 03287nam0a2200409 4500
001 - ИДЕНТИФИКАТОР ЗАПИСИ
контрольное поле RU\NLR\BIBL_A\022450517
005 - ИДЕНТИФИКАТОР ВЕРСИИ
контрольное поле 20250709104211.0
010 ## - МЕЖДУНАРОДНЫЙ СТАНДАРТНЫЙ НОМЕР КНИГИ (ISBN)
Номер (ISBN) 978-5-6052480-5-7
Тираж 1000
021 ## - НОМЕР ГОСУДАРСТВЕННОЙ РЕГИСТРАЦИИ
Код страны Российская Федерация
Номер КН-П-24-080514
Номер Листа государственной регистраци КН-П-24-8036
035 ## - ДРУГИЕ СИСТЕМНЫЕ НОМЕРА
Идентификатор записи (NLR Aleph) 022450517
100 ## - ДАННЫЕ ОБЩЕЙ ОБРАБОТКИ
Данные общей обработки 20250210d2024 k y0rusy50 ca
101 0# - ЯЗЫК РЕСУРСА
Язык текста, звукозаписи и т.д. русский
-- английский
102 ## - СТРАНА ПУБЛИКАЦИИ ИЛИ ПРОИЗВОДСТВА
Страна публикации Российская Федерация
105 ## - ПОЛЕ КОДИРОВАННЫХ ДАННЫХ: ТЕКСТОВЫЕ МАТЕРИАЛЫ, МОНОГРАФИЧЕСКИЕ
Кодированные данные о монографическом текстовом документе ah z 110yy
181 #0 - ПОЛЕ КОДИРОВАННЫХ ДАННЫХ: ВИД СОДЕРЖАНИЯ
Код вида содержания (ISBD) i4
Код характеристики содержания (ISBD) axxe
182 #0 - ПОЛЕ КОДИРОВАННЫХ ДАННЫХ: ТИП СРЕДСТВА
Код типа средства (ISBD) n - непосредственное
200 1# - ЗАГЛАВИЕ И СВЕДЕНИЯ ОБ ОТВЕТСТВЕННОСТИ
Основное заглавие Казачество на службе Отечества: к 370-летию Переяславской рады и присоединения Запорожского войска к России
Сведения, относящиеся к заглавию сборник научных статей
-- по материалам докладов, сделанных на [Международной] научной конференции "Казачество на службе Отечества: к 370-летию Переяславской рады и присоединения Запорожского войска к России", которая прошла в Москве 25-26 апеля 2024 года
Первые сведения об ответственности Министерство науки и высшего образования Российской Федерации, ФГБОУ ВО Московский государственный университет технологий и управления им. К. Г. Разумовского (ПКУ), Ассоциация "Российское историческое общество"
Последующие сведения об ответственности составитель: доктор исторических наук Д. М. Володихин
-- научный редактор: кандидат исторических наук А. В. Малов
203 ## - ВИД СОДЕРЖАНИЯ И ТИП СРЕДСТВА
Вид содержания Текст
Дополнительные сведения об издании визуальный
Тип средства непосредственный
210 ## - ПУБЛИКАЦИЯ, РАСПРОСТРАНЕНИЕ И ДР.
Место издания, распространения и т.д. Москва
Имя издателя, распространителя и т. д. Снежный ком (Штепин Д. В.)
Дата издания, распространения и т.д. 2024
215 ## - ФИЗИЧЕСКАЯ ХАРАКТЕРИСТИКА
Специфическое обозначение материала и объем 457, [4] с.
Другие сведения о физической характеристике ил., факс.
Размеры 21
300 ## - ОБЩИЕ ПРИМЕЧАНИЯ
Текст примечания Часть текста англ.
320 ## - ПРИМЕЧАНИЯ О НАЛИЧИИ В ДОКУМЕНТЕ БИБЛИОГРАФИИ / УКАЗАТЕЛЯ
Текст примечания Библиогр. в конце ст. и в подстроч. примеч.
601 02 - НАИМЕНОВАНИЕ ОРГАНИЗАЦИИ КАК ПРЕДМЕТ
Начальный элемент ввода Запорожское казачье войско
Формальный подзаголовок Съезды, совещания и т.п
Системный номер авторитетной/нормативной записи 2328597
Идентификатор авторитетной/нормативной записи RU\NLR\AUTH\661392636
606 1# - НАИМЕНОВАНИЕ ТЕМЫ КАК ПРЕДМЕТ
Наименование темы Казачество
Формальный подзаголовок Съезды, совещания и т.п
Тематический подзаголовок История
Системный номер авторитетной/нормативной записи 1329723
Идентификатор авторитетной/нормативной записи RU\NLR\AUTH\66237990
686 1# - ИНДЕКСЫ ДРУГИХ КЛАССИФИКАЦИЙ
Индекс Т3(2)0-294я431
686 1# - ИНДЕКСЫ ДРУГИХ КЛАССИФИКАЦИЙ
Индекс Ц59,8(2)2-13я431
702 #1 - ИМЯ ЛИЦА - ВТОРИЧНАЯ ОТВЕТСТВЕННОСТЬ
Код отношения Составитель
Графика поля Кириллица
Материалы, к которым относится поле rus
Начальный элемент ввода Володихин
Часть имени, кроме начального элемента ввода Д. М.
Даты 1969-
Расширение инициалов личного имени Дмитрий Михайлович
Системный номер авторитетной/нормативной записи 10265
Идентификатор авторитетной/нормативной записи RU\NLR\AUTH\7727228
702 #1 - ИМЯ ЛИЦА - ВТОРИЧНАЯ ОТВЕТСТВЕННОСТЬ
Начальный элемент ввода Малов
Часть имени, кроме начального элемента ввода А. В.
Расширение инициалов личного имени Александр Витальевич
Код отношения Редактор
711 12 - НАИМЕНОВАНИЕ ОРГАНИЗАЦИИ - АЛЬТЕРНАТИВНАЯ ОТВЕТСТВЕННОСТЬ
Начальный элемент ввода "Казачество на службе Отечества", международная научная конференция
Место проведения временной организации Москва
Дата проведения временной организации 2024
Системный номер авторитетной/нормативной записи 2655710
Идентификатор авторитетной/нормативной записи RU\NLR\AUTH\880623342
712 02 - НАИМЕНОВАНИЕ ОРГАНИЗАЦИИ - ВТОРИЧНАЯ ОТВЕТСТВЕННОСТЬ
Код отношения Прочие
Начальный элемент ввода Московский государственный университет технологий и управления им. К. Г. Разумовского
Системный номер авторитетной/нормативной записи 633426
Идентификатор авторитетной/нормативной записи RU\NLR\AUTH\8810065908
942 ## - ДОПОЛНИТЕЛЬНЫЕ ЭЛЕМЕНТЫ ЗАПИСИ (АБИС)
Тип экземпляра АБИС Книга
980 ## - КОЛЛЕКЦИЯ
Название коллекции Национальная библиография
980 ## - КОЛЛЕКЦИЯ
Название коллекции Национальная библиография

Нет доступных экземпляров.